000 00950nam a2200205Ia 4500
003 IN-BaIIA
008 211028s9999 xx 000 0 eng d
020 _a978-0-7354-0672-8
040 _cIIA Library
080 _a524.3-74(082.1)
_bFUT
111 _aConference inspired By the Accomplishments of the Far Ultraviolet Spectroscopic Explorer Mission
_cAnnapolis
_d2008 Oct. 20-22
_934274
245 0 _aFuture directions in ultraviolet spectroscopy
_bproceedings of the Conference inspired by the accomplishments of the far ultraviolet spectroscopic explorer mission, held in Annapolis, Maryland, 20-22 October, 2008
_cedited by George Sonneborn..[et.al]
260 _aMelville
_bAmerican Institute of Physics
_c2009
300 _a[various pagings.]
650 _aUltraviolet spectroscopy
_95447
700 _aMoos, H. Warren.,ed.
_934275
700 _aSonneborn, George., ed.
_934276
700 _aVan Steenberg, Michael E., ed.
_934277
942 _cBK
999 _c17996
_d17996